The Samkhya Sutras/ (Record no. 201793)

MARC details
000 -LEADER
fixed length control field 00610nam a22001937a 4500
005 - DATE AND TIME OF LATEST TRANSACTION
control field 20240327111043.0
010 ## - LCCN (DPL NO)
LC control number ENG-139945
020 ## - INTERNATIONAL STANDARD BOOK NUMBER
Terms of availability 600.00
International Standard Book Number 9788187661674
035 ## - SYSTEM CONTROL NUMBER
System control number EN-123477
037 ## - SOURCE OF ACQUISITION
Source of stock number/acquisition DBAD
082 ## - DEWEY DECIMAL CLASSIFICATION NUMBER
Classification number 230.1
100 ## - MAIN ENTRY--PERSONAL NAME
Personal name Ghosh, Yajneswar
245 ## - TITLE STATEMENT
Title The Samkhya Sutras/
Statement of responsibility, etc By Yajneswar Ghosh
260 ## - PUBLICATION, DISTRIBUTION, ETC. (IMPRINT)
Place of publication, distribution, etc Kolkata
Name of publisher, distributor, etc Indranil Bhattacharya
Date of publication, distribution, etc 2017
270 ## - ADDRESS
Address 8/17 Purbapally, Sodepur,
City Kolkata
Postal code 700110
Telephone number 9051363678
-- 9051703425
Electronic mail address rnbbhattacharya2@gmail.com
300 ## - PHYSICAL DESCRIPTION
Extent 162p.
Dimensions 22cm.(hb)
Other physical details Index
500 ## - GENERAL NOTE
General note Includes Index
942 ## - ADDED ENTRY ELEMENTS (KOHA)
Source of classification or shelving scheme Dewey Decimal Classification
Item type English Books
Classification part 230.1
Call number suffix GHO
Holdings
Withdrawn status Lost status Not for loan Collection code Home library Current library Date acquired Source of acquisition Cost, normal purchase price Full call number Barcode Copy number Cost, replacement price Koha item type
      Non-fiction Ashok Vihar Ashok Vihar 27/03/2024 DBAD 600.00 230.1 GHO EN-123477 1 600.00 English Books

© Delhi Public Library
Hit Counter
free hit counter